Utkirna lekha stabakah (Record no. 44167)

MARC details
000 -LEADER
fixed length control field 00350nam a2200145Ia 4500
008 - FIXED-LENGTH DATA ELEMENTS--GENERAL INFORMATION
fixed length control field 230917s9999||||xx |||||||||||||| ||und||
040 ## - CATALOGING SOURCE
-- 184449
Original cataloging agency VIVEKANANDA LIBRARY
041 ## - Language
-- English
082 ## - DDC NUMBER
Classification number 417.0954 K128U
100 ## - MAIN ENTRY--PERSONAL NAME
Personal name Kamboj, Jiyalal
245 #0 - TITLE STATEMENT
Title Utkirna lekha stabakah
260 ## - PUBLICATION, DISTRIBUTION, ETC. (IMPRINT)
Place of publication, distribution, etc Delhi
Name of publisher, distributor, etc Nirman Parkashan
Date of publication, distribution, etc 1983
300 ## - PHYSICAL DESCRIPTION
Pages 87 p.
942 ## - ADDED ENTRY ELEMENTS (KOHA)
Koha item type Books
Holdings
Withdrawn status Lost status Damaged status Not for loan Location (home branch) Sublocation or collection (holding branch) Date acquired Koha issues (times borrowed) Koha full call number Accession No. Koha date last seen Koha item type
        VIVEKANANDA LIBRARY VIVEKANANDA LIBRARY 26/05/2011   417.0954 K128U 110731 17/09/2023 Books
© Designed and Maintained by Vivekananda Library, MDU Rohtak